000 004720000a22001810004500
003 MACL
005 20150712131456.0
008 150712b xxu||||| |||| 00| 0 eng d
040 _aMACL
_cMACL
041 _aEnglish
082 _a320/SIN
100 _aSingh, Dr Chandrika
_91887
245 _aNorth East India
_bPolitics and Insurgency
260 _bManas Publications
_c2007
_aNew Delhi
350 _a595
650 _aPolitical Science
_988
942 _cBK
_k320/SIN
_2ddc
999 _c41392
_d41392